000 00636nam a2200193 4500
001 82854
003 BD-RjUL
005 20240130093405.0
008 240130s1935 ii ||||| |||| 00| 0 per d
035 _a(BD-RjUL)82854
040 _aBD-RjUL
_beng
_cBD-RjUL
041 _aper
082 _223
_a297.6
100 _aدارا شكوه, محمد ;; Dara Shikoh, Muhammad
_911253
245 1 0 _aرساله حق نما ;; Risālah-yi ḥaq numā /
_c:محمد دارا شكوه ؛ مترجم، عادل اسىر دهلوى translated by: Aadil Aseer Dehlavi, Dārā Shikūh
300 _a27 cm
_c18 cm
650 _aIslam
942 _2ddc
_cBK
999 _c82854
_d82854